| 000 | 00458pam a2200169 a 4500 | ||
|---|---|---|---|
| 020 |
_a81-7635-364-7 _c |
||
| 041 | _h | ||
| 082 |
_a005.758 5 _bSTE/PLE |
||
| 100 | _aSTEPHENS R. K. AND PLEW R.R. | ||
| 245 |
_aSAMS TEACH YOURSELF SQL IN 21 DAYS 3RD ED/ _hTextual Documents |
||
| 250 | _a01-01-2009. | ||
| 260 | _bTECHMEDIA, NEW DELHI-110 002 | ||
| 300 |
_aXX/754 _c24*18 |
||
| 500 | _a13361 | ||
| 653 | _aDATABASE MANAGEMENT SYSTEMS(T.E) | ||
| 930 | _a12891 | ||
| 999 |
_c56113 _d56113 |
||